000 00408nam a2200181Ia 4500
001 5086
005 20260306145842.0
008 260306t2000||||xx |||||||||||||| ||spa||
041 _aESP
082 _a332.678
_bS26G
100 _aSapag Puelma, José Manuel
_eAUT
245 0 _aEvaluación de proyectos
260 _c2000
300 _a
_c
650 _aGEN
654 _aCAN
942 _cLIB
_dJUS
_fJUS
_2ddc
_n
999 _c5086
_d5086